О влиянии специфического взаимодействия металла с ионами электролита на характер нестационарного электрохимического синтеза в системе Cu-Al-O; Химия и химическая технология в XXI веке; Т. 1

Xehetasun bibliografikoak
Parent link:Химия и химическая технология в XXI веке: материалы XIII Всероссийской научно-практической конференции имени профессора Л.П. Кулёва студентов и молодых ученых с международным участием, Томск, 14-17 мая 2012 г/ Национальный исследовательский Томский политехнический университет (ТПУ), Институт природных ресурсов (ИПР) ; Институт физики высоких технологий (ИФВТ) ; Физико-технический институт (ФТИ).— , 2012
Т. 1.— 2012.— [С. 122-123]
Egile nagusia: Усольцева Н. В. Наталья Васильевна
Erakunde egilea: Национальный исследовательский Томский политехнический университет (ТПУ) Институт природных ресурсов (ИПР) Кафедра общей химической технологии (ОХТ)
Gaia:Заглавие с титульного экрана
Hizkuntza:errusiera
Argitaratua: 2012
Saila:Химия и химическая технология неорганических веществ и материалов
Gaiak:
Sarrera elektronikoa:http://www.lib.tpu.ru/fulltext/c/2012/C27/V1/001.pdf
Formatua: MixedMaterials Baliabide elektronikoa Liburu kapitulua
KOHA link:https://koha.lib.tpu.ru/cgi-bin/koha/opac-detail.pl?biblionumber=605242

MARC

LEADER 00000naa2a2200000 4500
001 605242
005 20260225160552.0
035 |a (RuTPU)RU\TPU\conf\2527 
090 |a 605242 
100 |a 20140407d2012 k y0rusy50 ca 
101 0 |a rus 
102 |a RU 
135 |a drcn ---uucaa 
181 0 |a i  
182 0 |a b 
200 1 |a О влиянии специфического взаимодействия металла с ионами электролита на характер нестационарного электрохимического синтеза в системе Cu-Al-O  |f Н. В. Усольцева 
203 |a Текст  |c электронный 
225 1 |a Химия и химическая технология неорганических веществ и материалов 
300 |a Заглавие с титульного экрана 
320 |a [Библиогр.: с. 123 (1 назв.)] 
337 |a Adobe Reader 
461 1 |0 (RuTPU)RU\TPU\conf\91  |t Химия и химическая технология в XXI веке  |o материалы XIII Всероссийской научно-практической конференции имени профессора Л.П. Кулёва студентов и молодых ученых с международным участием, Томск, 14-17 мая 2012 г  |o в 2 т.  |f Национальный исследовательский Томский политехнический университет (ТПУ), Институт природных ресурсов (ИПР) ; Институт физики высоких технологий (ИФВТ) ; Физико-технический институт (ФТИ)  |d 2012 
463 0 |0 (RuTPU)RU\TPU\conf\92  |t Т. 1  |v [С. 122-123]  |d 2012 
610 1 |a труды учёных ТПУ 
610 1 |a электронный ресурс 
610 1 |a ионы 
610 1 |a электролиты 
610 1 |a электрохимический синтез 
700 1 |a Усольцева  |b Н. В.  |c химик-технолог  |c инженер Томского политехнического университета  |f 1985-  |g Наталья Васильевна  |3 (RuTPU)RU\TPU\pers\27928  |9 12931 
712 0 2 |a Национальный исследовательский Томский политехнический университет (ТПУ)  |b Институт природных ресурсов (ИПР)  |b Кафедра общей химической технологии (ОХТ)  |3 (RuTPU)RU\TPU\col\18654 
801 2 |a RU  |b 63413507  |c 20160122  |g RCR 
856 4 |u http://www.lib.tpu.ru/fulltext/c/2012/C27/V1/001.pdf 
942 |c CF